MDQL
is popping MORE tags! Check the
thread
!
Quizzes
Events
Quiz Creation
Community
Videos
Private Events
Remove Ads
Sign In
Join for FREE
Feedback
Dark Mode
Quiz Categories
Sports
Geography
Music
Movies
Television
Just For Fun
Miscellaneous
History
Literature
Language
Science
Gaming
Entertainment
Religion
Holiday
For Kids
Quiz Lab
Recent
Popular Today
Quiz Kudos Today
Editor Picks
Curator Picks
Quizzes by...
Day
Popularity
Type
Ratings
Length
Year
Community
Subscriptions
Recent Discussions
Orange Saloon
Badges
Playlists
Quests
Create
Leaderboards
Showdown
Live 5
Trivia Bingo
Activity
Puzzle Library
Sporcle Events
Private Events
Virtual Trivia
Globe League
Become a Host
Pub Owners
SporcleCon
Opinionation
Our Games
Videos
Blog
Mobile Apps
Partnerships
Remove Ads and Go Orange
Feedback
Religion
Mythology
Religious Music
World Religions
Bible
Christianity
Catholicism
Judaism
Church
Scripture
Islam
Verse
Religion
Mythology
Religious Music
World Religions
Bible
Christianity
Catholicism
Judaism
Church
Scripture
Islam
Verse
Random Quiz
Search Sporcle
×
Quiz Lab
Quiz Lab
Religion
Timothy
Type in answers that appear in a list
Type in answers that appear in a list
Classic
Best Score? Go Orange.
Matthew 18:20 (Hard) Stats
Words to Matthew 18:20 (NASB version) - Forced Order
By
Cjcooper
90s
17 Questions
56 Plays
56 Plays
56 Plays
Comments
Comments
Give Quiz Kudos
Give Quiz Kudos
-
- Ratings
hide this ad
Forced Order
Answers have to be entered in order
Answers have to be entered in order
Replay
Link that replays current quiz
Next Quiz
Link to next quiz in quiz playlist
You Got
0%
They Got
Avg Score
87%
Avg Friend Score
Upgrade to see
Score Distribution
Jump to the score distribution portion of the page
Score
0/17
Timer
01:30
0
Plays Today
Answer
% Correct
For
96.4%
where
91.1%
two
91.1%
or
89.3%
three
89.3%
in
89.3%
have
87.5%
gathered
87.5%
together
87.5%
Answer
% Correct
My
87.5%
name,
85.7%
I
85.7%
am
83.9%
there
83.9%
in
83.9%
their
83.9%
midst.
83.9%
Quiz Playlist
Details
Report
Send in Message
Add To Playlist
Classic:
Type in answers that appear in a list
Forced Order:
Answers have to be entered in order
Last Updated: Apr 27, 2017
Quiz Scoreboard
CHALLENGE
Sign Up to Join the Scoreboard
Show All
Scores
Hide
Comments
May contain spoilers
Recently Published
Image Sorting: Flags VI
by Barbecue
Geography
2m
Find the 'City' Movie
by crazypaving
Movies
60s
Colored Red Africa Blitz
by spor1
Geography
45s
More to Explore
Quiz From the Vault
Featured Blog Post
14 Easter Pick-up Lines to Find Eggs With
hide this ad
You Might Also Like...
Tags
316
Timothy
Today's Top Quizzes in Religion
Browse Religion
hide this ad
Top Contributed Quizzes in Religion
1
Christmas Pick: Judaism
2
Religions Spelling Bee
3
Christmas Pick: Islam
4
Christmas Pick: World Religions
5
Artistic Maundy Thursday
6
99 names of Allah
7
5-to-1: Children of Gods
8
Mini Trivia Sudoku: Mythology
9
Christmas Creatures
10
After Easter on Stained-glass Windows
Explore More
Trending Topics
Anime
Harry Potter
Kpop
Crossword
NBA
Disney
Marvel
WWE
NFL
The Office
Puzzle
Pokémon
Soccer
Country
Song
hide this ad
More By:
Cjcooper
Quiz
Plays
Rating
Category
Featured
Created
Disc Golf Vocabulary
2,589
4.43
Sports
Dec 20, 2013
Discraft Disc Golf Discs
657
5.00
Sports
Dec 11, 2013
Tombstone or Lonesome Dove
595
5.00
Movies
Feb 10, 2014
Dynamic Discs Disc Golf Lineup
405
5.00
Sports
Jan 13, 2017
Disc Golf Course State
145
4.50
Sports
Jun 19, 2012
Go to Creator's Profile
Score Distribution
Quiz Creator Spotlight
Cjcooper
Follow
Send a Message
Quizzes Created
-
Created Quiz Play Count
-
More By This Creator
Popular Quizzes Today
1
Colored Red Africa Blitz
2
Find the US States - No Outlines Minefield
3
Find the 'City' Movie
4
5x2 Blitz: Bands
5
The Countries of the World
6
Find the US States
7
Find the Countries of Europe - No Outlines Minefield
8
US States
More Religion Quizzes
Missing Word: Psalm 23
Curator's Pick
Trending Quizzes
Colored Red Europe Blitz I
Colored Red Europe Blitz II
Colored Red Africa Blitz II
Colored Red Europe Blitz III
Colored Red Africa Blitz III
Recently Updated
How Do You Spell That?
pecheneg
Godzilla Movies
pecheneg
Grab Bag: 4-10 Letters
pecheneg
2024 March Madness Bracket
pecheneg
Famous TV Couples
Peacemaker
Champions League XIs: Real Madrid
pecheneg
Largest US Cities 1790-2010
pecheneg
Rides in Walt Disney World
pecheneg
Most Oscar Losses (Acting)
pecheneg
Beyoncé Albums
pecheneg
Trending Topics
Crossword
Harry Potter
Disney
Marvel
Anime
NBA
Kpop
The Office
Song
Country
WWE
Puzzle
Pokémon
NFL
Soccer
Your Account Isn't Verified!
In order to create a playlist on Sporcle, you need to verify the email address you used during registration. Go to your
Sporcle Settings
to finish the process.
Report this User
Report this user for behavior that violates our
Community Guidelines
.
Details:
Send Report
Go to the Sporcle.com Mobile Site →
Comments